000 nam a22 7a 4500
999 _c10852
_d10852
008 180228b ||||| |||| 00| 0 eng d
100 _96677
_bWILDE'S.O
245 _aTHE CANTERVILLE GHOST -XII
260 _aNEW DELHI
_bS.CHAND
_c2015